Vatican From Above - Statistics

General Stats
  • This quiz has been taken 112 times
  • The average score is 5 of 10
Answers on the Map
Answers color-coded by a green-red scale on the quiz's map according to % correct below.
 
Answer Stats
Answer % Correct
Obelisk
83%
St Peter's Basilica
80%
Colonnades
65%
Sistine Chapel
62%
Barracks of the Swiss Guard
54%
Vatican Museums
52%
Apostolic Palace
42%
Mater Ecclesiae | home to the retired Pope
42%
Sacristy and treasury
41%
Saint Anne in the Vatican
21%
No matching quizzes found
Score Distribution
Percent of People with Each Score
Percentile by Number Answered
Your Score History
You have not taken this quiz